000 00291nam a2200097 a 4500
008 111128s2009|||| d
245 1 0 _aPubliczne Gimnazjum im. Ksiedza Jerzego Popieluszki w Wielopolu Skrzynskim
260 _bApla
_aWielopole Skrzynskie
_c2009
020 _c100
044 _axo
_cSK
999 _c19893
_d19893